zpět

Detail výsledku týmu

Pivovarský Dvůr ST, Liberec

Datum a čas kvízu

27.5 Celkem bodů Celkový počet nahraných bodů na tomto kvízu bez doplňovacích otázek.
8. Pořadí na kvízu Konečné umístění týmu na tomto kvízu.

Zaznamenané odpovědi

# Otázka Odpověď Body Výsledky
1. Hnutí SPD zveřejnilo na sociál... někteří členové rodiny mají 6 prstů 1
2. Společnost Air Baltic spustila... Kunda 1
3. 39letá americká zpěvačka natoč... Katy Perry 1
4. V pondělí prohlásila polská sp... CZC.cz 1
5. 21letá Andrea Klementová z Tře... přeplavala kanál La Manche 1
6. Na konci kterého amerického fi... Hudbu složil, slova napsal (Music and Lyrics) 0
7. Francouzská hudební komedie s... Piti Piti Pa 0
8. V hudební animované pohádce Tr... Justin Timberlake 1
9. Horečka sobotní noci se pojí s... Bee Gees 1
10. Který hudební film s Karlem Go... Hvězda padá vzhůru 0